| 000 | 00844nam a2200277Ia 4500 | ||
|---|---|---|---|
| 001 | Para_4684 | ||
| 003 | CHAP | ||
| 008 | 220125s1911 xx 000 0 und d | ||
| 010 | _a203125 | ||
| 040 | _cCHAP | ||
| 090 | _aPA FOLLETO 2025 | ||
| 100 |
_aDickens, Albert _932463 |
||
| 245 |
_aSpraying the apple orchard / _c Albert Dichens, T. J. Headlee |
||
| 260 |
_aManhattan, Kansas : _b State Agricultural College. Experiment Station |
||
| 300 | _a255-292 p. | ||
| 440 |
_aKansas. Exp. Sta. Bull; 174 _9168738 |
||
| 650 |
_aAspersión _x Efecto en árboles frutales Manzana _x Fumigación _9168739 |
||
| 700 |
_aHeadlee, T. J. _9165276 |
||
| 901 | _aPA FOLLETO 2025 | ||
| 902 | _aA | ||
| 905 | _a0000001911 MAN 0000000000 00 | ||
| 910 | _a1911 | ||
| 942 | _cPARA | ||
| 942 |
_cPARA _d1 |
||
| 999 |
_c203125 _d203125 |
||